〈プロ野球〉応援歌から選手を当てる - Statistics

General Stats
  • This quiz has been taken 1,159 times
  • The average score is 17 of 24
Answer Stats
選手 球団 % Correct
筒香嘉智 横浜
96%
山田哲人 ヤクルト
94%
岡本和真 巨人
86%
村上宗隆 ヤクルト
82%
万波中正 日ハム
80%
大山悠輔 阪神
78%
周東 佑京 ソフバン
78%
菊池涼介 広島
77%
源⽥壮亮 西武
76%
牧 秀悟 横浜
76%
柳田悠岐 ソフバン
76%
浅村栄斗 楽天
75%
佐藤輝明 阪神
75%
坂本勇人 巨人
75%
外崎修汰 西武
68%
荻野 貴司 ロッテ
66%
紅林弘太郎 オリックス
64%
坂倉将吾 広島
64%
清宮 幸太郎 日ハム
62%
島内宏明 楽天
61%
角中勝也 ロッテ
60%
杉本裕太郎 オリックス
57%
​高橋周平 中日
54%
根尾昂 中日
46%
No matching quizzes found
Score Distribution
Percent of People with Each Score
Percentile by Number Answered
Your Score History
You have not taken this quiz